00633nam a2200169Ia 4500008004100000020001500041041000800056082001900064100003400083245010400117250000600221260005200227300001100279650001800290999001900308952013600327210716s2006 xx 000 0 und d a8120330544 aeng a570.15195 INDA aIndrayan, A;Satyanarayana, L. aBiostatistics: for medical nursing and pharmacy stuents.bFor medical nursing and pharmacy stuents. a1 aNew DelhibPrentice Hall of India PVt Ltdc2006 avi,295 aBiostatistics c190908d190908 00102ddc40708MCAaAIMITbAIMITeAthulya Booksg250.00l0o570.15195 INDApMCA10416r2025-07-21 00:00:00v187.50w2021-07-16yBK